000 00554nam a2200193Ia 4500
005 20250508150846.0
008 008 250505s9999 xx 000 0 eng d
037 _aTextual
040 _aFEDL
_beng
_cFEDL
041 _aeng
_2eng
084 _a371.74, DUN
_qFEDL
100 _aDunn Margaret
_9757838
245 0 _aGames activities for girls
260 _aLondon, UK
_bBlackie and Son Limited
_c1950
300 _a88p
650 _aEducation - Atheletics and games
_9757839
942 _cTEXL
_h371.74, DUN
999 _c1326134
_d1326134